000 01071cam a2200265 4500
008 000000n2002 000 0 eng u
020 _a0727727818
035 _a(Sirsi) u106524
041 _aeng
100 _aCaroll, B.
245 _aEnvironmental impact assessment handbook : a practical guide for planners, developers and communities
260 _aLondon
_bThomas Telford
_c2002
300 _axv,175p. : ill. ; 30cm.
350 _a40
520 _aWritten for planners, developers and communities who need sufficient introduction to environmental impact assessment (EIA) to know what needs to be prepared by whom and when. Presents the requirements of the EIA procedures in the UK in a practical format, illustrated with case examples.
650 _aDEVELOPMENT
650 _aENVIRONMENTAL IMPACT ASSESSMENTS
650 _aENVIRONMENTAL IMPACT ASSESSMENTS
650 _aENVIRONMENTAL MANAGEMENT
650 _aENVIRONMENTAL MONITORING
650 _aPLANNING
690 _aENVIRONMENTAL AND LAND CONSULTANCY
700 _aTurpin, T.
942 _n0
999 _c100570
_d100570